[Event "Kuala Lumpur UM KPT op"]
[Site "Kuala Lumpur"]
[Date "2016.12.17"]
[Round "4"]
[White "Chew, Wen Da"]
[Black "Bakri, Alia Anin Azwa"]
[Result "0-1"]
[WhiteElo "1627"]
[BlackElo "1944"]
[PlyCount "58"]
[EventDate "2016.12.16"]
[EventType "swiss"]
[EventRounds "9"]
[EventCountry "MAS"]
[SourceTitle "CBM 176 Extra"]
[Source "ChessBase"]
[SourceDate "2017.03.02"]
[SourceVersion "1"]
[SourceVersionDate "2017.03.02"]
[SourceQuality "1"]

1. d4 d5 2. Nf3 Nf6 3. e3 Bf5 4. Bd3 Bxd3 5. Qxd3 c6 6. 0-0 g6 7. Nbd2 Bg7 8. c3 0-0 9. e4 dxe4 10. Nxe4 Re8 11. Bf4 Qb6 12. Rfe1 Nbd7 13. Ned2 Nd5 14. Bg3 Qxb2 15. Rab1 Qxc3 16. Qxc3 Nxc3 17. Rxb7 Nb6 18. Rexe7 Rxe7 19. Rxe7 Nbd5 20. Rd7 Nxa2 21. Ne5 Bxe5 22. dxe5 Nac3 23. Nc4 Ne2+ 24. Kf1 Nxg3+ 25. hxg3 a5 26. Nd6 a4 27. Nxf7 a3 28. Nh6+ Kf8 29. Rxh7 Ra4 0-1

[Event "Penang op-B 6th"]
[Site "Penang"]
[Date "2014.12.11"]
[Round "6"]
[White "Chew, Wen Da"]
[Black "Sritharan, Sanjeevwa"]
[Result "1/2-1/2"]
[WhiteElo "1718"]
[BlackElo "1701"]
[PlyCount "127"]
[EventDate "2014.12.08"]
[EventType "swiss"]
[EventRounds "9"]
[EventCountry "MAS"]
[SourceTitle "EXT 2016"]
[Source "ChessBase"]
[SourceDate "2015.10.08"]
[SourceVersion "1"]
[SourceVersionDate "2015.10.08"]
[SourceQuality "1"]

1. d4 Nf6 2. Nf3 g6 3. e3 Bg7 4. Bd3 0-0 5. 0-0 d5 6. Nbd2 Bg4 7. c3 Bxf3 8. Nxf3 Nbd7 9. Re1 c5 10. Qe2 e6 11. b4 c4 12. Bc2 b5 13. a4 a6 14. e4 Nxe4 15. Bxe4 dxe4 16. Ng5 Nb6 17. a5 Nd5 18. Qc2 e3 19. Nf3 exf2+ 20. Kxf2 Re8 21. Bd2 Bf8 22. Rad1 Bd6 23. Ne5 Bxe5 24. Rxe5 f6 25. Re4 Qc7 26. Kg1 e5 27. Rde1 Re7 28. dxe5 Rxe5 29. Rxe5 fxe5 30. Qe4 Rd8 31. Qxe5 Qxe5 32. Rxe5 Nxb4 33. Re2 Nc6 34. Bf4 Nxa5 35. Ra2 Nb3 36. Rxa6 Nc1 37. Bxc1 Rd1+ 38. Kf2 Rxc1 39. Rb6 Rc2+ 40. Kg1 Rb2 41. Rb7 Rb3 42. h4 Rxc3 43. Rxb5 Rc1+ 44. Kh2 c3 45. Rb7 c2 46. Rc7 Kf8 47. g4 Ke8 48. g5 Kd8 49. Rc4 Kd7 50. Kg2 Kd6 51. Rc8 Ke5 52. Rc7 Kf4 53. Rc4+ Ke3 54. Rc7 Kf4 55. Rc4+ Ke3 56. Rc7 Rd1 57. Rxc2 Rd2+ 58. Rxd2 Kxd2 59. Kf2 Kd3 60. Kf3 Kd4 61. Kf4 Kd5 62. Kf3 Ke5 63. Ke3 Kd5 64. Kf3 1/2-1/2

[Event "Penang op-B 6th"]
[Site "Penang"]
[Date "2014.12.10"]
[Round "5"]
[White "Hamid, Hairul Abdul"]
[Black "Chew, Wen Da"]
[Result "1-0"]
[WhiteElo "1657"]
[BlackElo "1718"]
[PlyCount "120"]
[EventDate "2014.12.08"]
[EventType "swiss"]
[EventRounds "9"]
[EventCountry "MAS"]
[SourceTitle "EXT 2016"]
[Source "ChessBase"]
[SourceDate "2015.10.08"]
[SourceVersion "1"]
[SourceVersionDate "2015.10.08"]
[SourceQuality "1"]

1. d4 d5 2. Nf3 Nf6 3. e3 e6 4. Bd3 Bd6 5. b3 Nc6 6. Bb2 Nb4 7. Be2 c5 8. a3 Nc6 9. 0-0 0-0 10. Nbd2 Bd7 11. c4 cxd4 12. exd4 Rc8 13. Rc1 a5 14. Bd3 Qe7 15. c5 Bf4 16. Re1 Rfe8 17. Rc2 Na7 18. Qe2 Bc7 19. Ne5 Bc6 20. f4 b6 21. b4 Nd7 22. b5 bxc5 23. bxc6 Nxe5 24. dxe5 c4 25. Bxh7+ Kxh7 26. Qh5+ Kg8 27. Nf3 Bb6+ 28. Kh1 g6 29. Qh3 Qf8 30. g4 Qg7 31. Rg2 Nxc6 32. f5 Qh7 33. Qg3 d4 34. Ng5 Qh8 35. Qf4 exf5 36. Nxf7 Kxf7 37. gxf5 Rxe5 38. fxg6+ Ke6 39. Qf7+ Kd6 40. Rf1 Re7 41. Rf6+ Kc7 42. Rxc6+ Kxc6 43. Qxe7 Qf8 44. Qe4+ Kb5 45. g7 Qg8 46. Bxd4 Bxd4 47. Qxd4 Qe6 48. Rg5+ Ka6 49. Qc3 Qe4+ 50. Kg1 Qb1+ 51. Kf2 Qa2+ 52. Kf3 Qb3 53. Qxb3 cxb3 54. g8Q Rxg8 55. Rxg8 Kb5 56. h4 Ka4 57. h5 Kxa3 58. h6 b2 59. Rb8 Ka2 60. h7 a4 1-0

[Event "ASEAN-ch U16 15th"]
[Site "Taipa"]
[Date "2014.06.09"]
[Round "9"]
[White "Chew, Wen Da"]
[Black "Samantila, Daryl Unix"]
[Result "0-1"]
[WhiteElo "1773"]
[BlackElo "1938"]
[PlyCount "88"]
[EventDate "2014.06.04"]
[EventType "swiss"]
[EventRounds "9"]
[EventCountry "MAC"]
[SourceTitle "CBM 160 Extra"]
[Source "ChessBase"]
[SourceDate "2014.07.01"]
[SourceVersion "1"]
[SourceVersionDate "2014.07.01"]
[SourceQuality "1"]

1. d4 d5 2. Nf3 Nf6 3. Bf4 c5 4. c3 Nc6 5. e3 Qb6 6. Qb3 c4 7. Qxb6 axb6 8. Nbd2 Bf5 9. a3 h6 10. Be2 e6 11. 0-0 b5 12. Rac1 Nd7 13. Rfe1 Bh7 14. Bd1 f5 15. Ne5 Nf6 16. h3 Be7 17. Bc2 0-0 18. Kh1 Ne4 19. Nxe4 fxe4 20. Rf1 Nxe5 21. Bxe5 Bg5 22. Rce1 Bf5 23. g4 Bh7 24. Bd1 Rf7 25. Kg2 Be7 26. Be2 b6 27. Kg3 Raf8 28. Bd1 Ra8 29. Be2 Bd8 30. Rc1 Raa7 31. Bb8 Ra8 32. Be5 Bf6 33. Bxf6 gxf6 34. Ra1 Rfa7 35. Rac1 Kf7 36. Kf4 Ke7 37. h4 Rg8 38. Rg1 Kd6 39. f3 Rag7 40. h5 exf3 41. Bxf3 Bf5 42. Rg2 e5+ 43. Kxf5 Rg5+ 44. Kxf6 Rf8# 0-1

[Event "ASEAN-ch U16 15th"]
[Site "Taipa"]
[Date "2014.06.06"]
[Round "4"]
[White "Sivanesan, Subramanian"]
[Black "Chew, Wen Da"]
[Result "1-0"]
[WhiteElo "1798"]
[BlackElo "1773"]
[PlyCount "97"]
[EventDate "2014.06.04"]
[EventType "swiss"]
[EventRounds "9"]
[EventCountry "MAC"]
[SourceTitle "CBM 160 Extra"]
[Source "ChessBase"]
[SourceDate "2014.07.01"]
[SourceVersion "1"]
[SourceVersionDate "2014.07.01"]
[SourceQuality "1"]

1. d4 d5 2. Nf3 Nf6 3. e3 Bf5 4. c4 c6 5. Qb3 Qb6 6. Nc3 e6 7. c5 Qc7 8. Qd1 Nbd7 9. Bd3 Bg4 10. 0-0 e5 11. Be2 Bxf3 12. Bxf3 e4 13. Be2 Be7 14. f3 0-0 15. fxe4 Nxe4 16. Nxe4 dxe4 17. Bc4 Bg5 18. Qg4 h6 19. Qxe4 Rae8 20. Qf3 Nf6 21. Bd3 Qe7 22. Re1 Ne4 23. Bxe4 Qxe4 24. Qxe4 Rxe4 25. Bd2 Rfe8 26. Kf2 f5 27. g3 Kf7 28. b4 Ke6 29. a4 Kd5 30. Ra3 Bf6 31. Rd1 g5 32. Rd3 f4 33. Kf3 g4+ 34. Kf2 fxe3+ 35. Bxe3 Bg5 36. Bxg5 hxg5 37. R1d2 Kc4 38. d5 Rd8 39. dxc6 Rxd3 40. Rxd3 bxc6 41. Rd6 Kxb4 42. Rxc6 Kxa4 43. Ra6+ Kb5 44. Rxa7 Kxc5 45. Ra5+ Kd6 46. Rxg5 Ke6 47. Ra5 Kf6 48. Ra3 Kf5 49. Ra5+ 1-0